000 00757nam a2200181Ia 4500
008 100920s9999 xx 000 0 und d
082 _b102334
_a891.464 न 08
100 _aपाकिॅन्स जॉन अनु. खेर सी .प.
245 _aएका अथिॅक मारेकर्याचा कबुली जबाब.
260 _bसाकेत,औरंगाबाद.
_c2008
300 _a264
_bसाधी
365 _b200
520 _aनिबंध.
630 _aएका अथिॅक मारेकर्याचा कबुली जबाब.
650 _aनिबंध.
730 _aएका अथिॅक मारेकर्याचा कबुली जबाब.
942 _cBOOK
999 _c742767
_d742764